00666 2200229 4500001002100000005001500021035002000036007000300056008004100059020002200100082000800122084001400130100003000144245010200174260003500276300003000311650002500341700001800366504003000384990001100414990001100425INLIS00000000000429620191023100729 a0010-1019000148ta191023 g 0 ind  a978-602-8252-23-6 a100 a100 BUD f0 aBUDIONO, Khusumohamidjojo1 aFilsafat Kebudayaan :bProses Realisasi Manusia /cBudiono Khusumohamidjojo: editor, Siti Jamilah aYogyakarta :bJalasutra,c2017 a256 hlm :bilus. ;c21 cm 4aFILSAFAT. KEBUDAYAAN0 aSITI, Jamilah aBibliografi : hlm 243-256 a7059 a a7059 b